[Event "Guimaraes Open 2018"]
[Site "Guimaraes"]
[Date "2018.10.06"]
[Round "5"]
[White "Sousa, Hugo Carneiro"]
[Black "Saran Vikash Velumani"]
[Result "1-0"]
[WhiteElo "2014"]
[BlackElo "1464"]
[Annotator "NA RC"]
[PlyCount "69"]
[EventDate "2018.10.04"]
[EventType "swiss"]
[EventCountry "POR"]
[SourceTitle "playchess.com"]
[Source "ChessBase"]
[SourceQuality "1"]
[TimeControl "5400+30"]

1. e4 {[%emt 0:00:00]} e5 {[%emt 0:00:09]} 2. Bc4 {[%emt 0:00:00]} Nf6 {[%emt 0:01:14]} 3. d3 {[%emt 0:00:00]} d5 {[%emt 0:03:39]} 4. exd5 {[%emt 0:02:25]} Nxd5 {[%emt 0:00:45]} 5. Nf3 {[%emt 0:00:44]} Nc6 {[%emt 0:03:49]} 6. h3 {[%emt 0:01:42]} Be7 {[%emt 0:02:20] C24: Bishop's Opening: 2...Nf6} (6... Bc5 7. O-O O-O 8. c3 a6 9. Re1 Be6 10. Ng5 h6 11. Nxe6 fxe6 12. Rf1 Qh4 13. Qe1 b5 14. Bb3 Rf6 15. Nd2 Rg6 {1-0 (34) Eggleston,D (2384)-Payen,A (2360) Budapest 2016}) 7. O-O {[%emt 0:01:19]} Be6 {[%emt 0:05:32]} 8. Re1 {[%emt 0:03:00]} Qd6 {[%emt 0:06:27]} 9. Nbd2 {[%emt 0:07:11]} O-O-O $146 {[%emt 0:10:23]} ({Predecessor:} 9... h6 10. Bb5 f6 11. d4 exd4 12. Nxd4 Bd7 13. Bxc6 bxc6 14. Qh5+ Kf8 {½-½ (33) Bjerke,S (2205)-Ramirez M,E (2031) Khanty-Mansiysk 2010}) 10. Bb3 {[%emt 0:07:59]} f6 {[%emt 0:02:53]} 11. Nc4 {[%emt 0:11:41]} Qd7 {[%emt 0:01:08]} 12. d4 {[%emt 0:07:39]} Bxh3 {[%emt 0:12:11]} 13. gxh3 {[%emt 0:08:23]} Qxh3 {[%emt 0:00:38]} 14. c3 {[%emt 0:10:27]} Kb8 {[%emt 0:02:34]} 15. Nh2 {[%emt 0:02:59]} exd4 {[%emt 0:08:46]} 16. cxd4 {[%emt 0:01:53]} g5 {[%emt 0:02:32]} (16... Bb4 $5 {[%cal Rb4e1]} 17. Re4 Rhe8 $11) 17. Ne3 $2 {[%emt 0:12:30]} (17. Qf3 $11 Qxf3 18. Nxf3) 17... Bd6 {[%emt 0:02:37]} 18. Nef1 {[%emt 0:01:21]} Nf4 {[%emt 0:09:31]} 19. Qg4 {[%emt 0:04:20]} h5 {[%emt 0:03:01]} 20. Qxh3 {[%emt 0:00:45]} Nxh3+ {[%emt 0:00:08]} 21. Kg2 {[%emt 0:01:31]} Nf4+ {[%emt 0:00:27]} 22. Bxf4 $1 {[%emt 0:01:38]} Bxf4 {[%emt 0:00:08]} 23. Nf3 {[%emt 0:00:16]} g4 {[%emt 0:01:39]} 24. Nh4 {[%emt 0:00:15]} Bg5 {[%emt 0:04:20]} 25. Nf5 {[%emt 0:01:04]} Nxd4 {[%emt 0:00:52]} 26. Nxd4 {[%emt 0:00:10]} Rxd4 {[%emt 0:00:05]} 27. Rad1 {[%emt 0:00:49]} Rf4 {[%emt 0:03:49]} 28. Rd3 {[%emt 0:03:15]} h4 {[%emt 0:00:15]} 29. Rde3 {[%emt 0:01:17]} h3+ {[%emt 0:03:41]} 30. Kg3 {[%emt 0:00:11]} c6 {[%emt 0:01:38]} 31. Re8+ Rxe8 {[%emt 0:00:05]} 32. Rxe8+ {[%emt 0:01:20]} Kc7 {[%emt 0:00:06]} 33. Nh2 {[%emt 0:00:13]} f5 $18 {[%emt 0:01:18]} (33... Rd4 $1 $14) 34. Rg8 {[%emt 0:00:16]} Bf6 {[%emt 0:00:52]} 35. Kxf4 {[%emt 0:00:10]} 1-0

[Event "Guimaraes Open 2018"]
[Site "Guimaraes"]
[Date "2018.10.06"]
[Round "5"]
[White "Silva, Goncalo Nuno Neto P"]
[Black "Pinho, Paulo Miguel Leitao"]
[Result "1-0"]
[WhiteElo "1996"]
[BlackElo "2212"]
[Annotator "TA"]
[PlyCount "87"]
[EventDate "2018.10.04"]
[EventType "swiss"]
[EventCountry "POR"]
[SourceTitle "playchess.com"]
[Source "ChessBase"]
[SourceQuality "1"]

{[%evp 9,87,24,31,6,9,0,0,0,0,-30,-35,-51,33,25,27,-43,-49,-80,-27,-18,-13,-91,-95,-83,94,103,106,57,72,20,97,105,94,54,34,2,12,0,0,0,0,0,0,0,0,0,0,0,0,0,0,0,1106,954,882,0,521,0,12835,12379,12837,12837,12837,12838,12838,12838,12839,12839,12839,12839,12843,12844,12844,12844,12845,12846,12846,12846,12846,12846]} 1. e4 c5 2. Nf3 e6 3. g3 b6 4. Bg2 Bb7 5. d3 Nf6 6. Qe2 {B40: Sicilian: 2...e6, Unusual lines} Nc6 (6... d6 7. O-O Be7 8. c3 O-O 9. Rd1 Nbd7 10. Nbd2 b5 11. a4 {1-0 (33) Ragger,M (2657)-Fedorchuk,S (2648) Katowice 2017}) 7. O-O d5 8. Bg5 {The position is equal.} Be7 9. Nc3 O-O 10. Rfe1 $146 ({Predecessor:} 10. Ne1 Nd4 11. Qd1 Rc8 12. f4 dxe4 13. dxe4 {1-0 (36) Krsek,T-Rehak,P Chrudim 1993}) 10... Nxe4 (10... d4 $15 11. Nb1 h6 12. Bxf6 Bxf6) 11. dxe4 $14 Bxg5 12. Nxg5 (12. exd5 $1 $11 Nd4 13. Nxd4 cxd4 14. Nb5) 12... Qxg5 $15 13. h4 Qd8 (13... Qg6 $17) 14. exd5 $11 Nd4 15. Qc4 (15. Qd3 $11 {remains equal.}) 15... Nxc2 $17 16. dxe6 Nxe1 $2 (16... Bxg2 $17 {and life is bright.} 17. e7 Qd4 18. exf8=R+ Kxf8) 17. Bxb7 $16 Nc2 18. Rd1 $1 {[%cal Rd1d8]} Nd4 19. exf7+ (19. Bxa8 $16 Qxa8 20. e7) 19... Rxf7 (19... Kh8 $1 $11 {keeps the balance.}) 20. Bd5 Qf8 21. Ne4 h6 $1 22. Bxa8 Qxa8 23. Rxd4 cxd4 $14 {[%mdl 4096] Endgame KQR-KQN} 24. Nd6 Qf3 $1 {[%cal Rf3f2]} 25. Nxf7 Qxf7 26. Qxf7+ Kxf7 $11 {KP-KP} 27. Kf1 Ke6 28. Ke2 Ke5 29. Kd3 h5 $1 30. f3 g6 $2 {[%mdl 8192]} (30... b5 $11) 31. b3 $18 {[%cal Bb2b3,Bb3b4][%mdl 32]} Kd5 32. a3 $2 ({White has to play} 32. b4 $18 {Strongly threatening b5.} a6 33. a4) 32... Ke5 $2 {[%mdl 8192] [#]} (32... b5 $1 $11 {and Black has nothing to worry.}) 33. Kc4 $2 (33. a4 $1 $18 Kd5 34. b4) 33... a6 $2 {[%mdl 8192]} (33... b5+ $11 34. Kd3 Kd5) 34. b4 {White is clearly winning.} b5+ 35. Kd3 Kd5 36. f4 Ke6 37. Kxd4 Kf5 {[#]} 38. Ke3 $1 {[%cal Re3f3]} Kg4 39. Kf2 Kh3 40. Kf3 Kh2 41. g4 Kh3 42. gxh5 gxh5 43. f5 {[%cal Bf4f5,Bf5f6][%mdl 32] White wants to mate with f6.} Kxh4 44. f6 {Precision: White = 42%, Black = 46%.} 1-0

[Event "Guimaraes Open 2018"]
[Site "Guimaraes"]
[Date "2018.10.06"]
[Round "5"]
[White "Machado, Tomas Dias"]
[Black "Barroso, Simao Oliveira Alvi"]
[Result "1-0"]
[WhiteElo "1966"]
[BlackElo "1560"]
[Annotator "NA RC"]
[PlyCount "97"]
[EventDate "2018.10.04"]
[EventType "swiss"]
[EventCountry "POR"]
[SourceTitle "playchess.com"]
[Source "ChessBase"]
[SourceQuality "1"]
[TimeControl "5400+30"]

1. e4 {[%emt 0:03:27]} c6 {[%emt 0:00:00]} 2. d4 {[%emt 0:00:05]} d5 {[%emt 0:00:00]} 3. Nc3 {[%emt 0:00:02]} dxe4 {[%emt 0:00:00]} 4. Nxe4 {[%emt 0:00:05]} Nd7 {[%emt 0:01:00]} 5. Ng5 {[%emt 0:00:53]} Ngf6 {[%emt 0:01:27]} 6. Bd3 {[%emt 0:01:03]} h6 {[%emt 0:02:00]} 7. Ne6 {[%emt 0:00:28] B17: Caro-Kann: Modern Line (4...Nd7)} Qb6 {[%emt 0:01:42]} 8. Nxf8 {[%emt 0:01:46]} (8. Ne2 fxe6 9. Bg6+ Kd8 10. Nf4 Nb8 11. O-O Bd7 12. c4 Kc8 13. Qe2 Na6 14. Bf7 g5 {½-½ (32) Rozentalis,E (2593)-Velten,P (2469) Drancy 2016}) 8... Nxf8 {[%emt 0:00:38]} 9. c3 {[%emt 0:04:03]} Bg4 {[%emt 0:00:39]} 10. Qb3 {[%emt 0:01:50]} Bh5 {[%emt 0:01:44]} 11. Ne2 {[%emt 0:06:22]} Bg6 {[%emt 0:00:30]} 12. Nf4 {[%emt 0:02:45]} Bxd3 {[%emt 0:02:14]} 13. Nxd3 {[%emt 0:02:47]} N8d7 {[%emt 0:00:21]} 14. Bf4 $146 {[%emt 0:04:40]} ({Predecessor:} 14. O-O O-O {½-½ (30) Cruz,J (2159)-Padeiro,J (2284) Maia 2018}) 14... O-O {[%emt 0:01:41]} 15. O-O {[%emt 0:00:48]} e6 {[%emt 0:01:45]} 16. Rfe1 Nd5 {[%emt 0:01:50]} 17. Bg3 {[%emt 0:14:09]} Rac8 {[%emt 0:01:53]} 18. c4 {[%emt 0:13:20]} N5f6 {[%emt 0:03:28]} 19. Bd6 {[%emt 0:06:39]} Rfd8 {[%emt 0:05:12]} 20. c5 ({Günstiger ist} 20. Qc3 $14) 20... Qxb3 {[%emt 0:02:12]} 21. axb3 {[%emt 0:03:02]} a6 {[%emt 0:00:14]} 22. Nb4 {[%emt 0:11:00]} Nd5 {[%emt 0:02:14]} 23. Nxd5 {[%emt 0:00:23]} cxd5 {[%emt 0:00:10]} 24. Ra4 {[%emt 0:01:23]} Rc6 {[%emt 0:02:13]} 25. Rea1 {[%emt 0:00:58]} Rdc8 {[%emt 0:00:14]} 26. b4 {[%emt 0:02:08]} Nf6 {[%emt 0:00:15]} 27. f3 {[%emt 0:00:57]} Ne8 {[%emt 0:00:11]} 28. Bg3 {[%emt 0:00:16]} Nc7 {[%emt 0:00:25]} 29. Bxc7 R8xc7 {[%emt 0:00:22]} 30. Ra5 {[%emt 0:03:03]} f6 {[%emt 0:01:08]} 31. b5 {[%emt 0:01:05]} axb5 {[%emt 0:00:14]} 32. Rxb5 {[%emt 0:00:05]} e5 {[%emt 0:00:08]} 33. Ra7 {[%emt 0:01:12]} exd4 {[%emt 0:00:49]} 34. b4 {[%emt 0:00:06]} d3 {[%emt 0:01:58]} 35. Kf2 {[%emt 0:02:08]} Re6 {[%emt 0:00:07]} 36. Ra1 {[%emt 0:08:09]} Re2+ {[%emt 0:02:41]} 37. Kg3 {[%emt 0:00:05]} Rce7 {[%emt 0:02:59]} 38. Rd1 {[%emt 0:00:24]} d2 {[%emt 0:00:11]} 39. Ra5 {[%emt 0:03:15]} R7e3 {[%emt 0:00:15]} 40. Ra2 {[%emt 0:00:08]} ({But not} 40. Ra7 Rd3 $17) (40. b5 $1 $11) 40... Rd3 $17 {[%emt 0:00:19]} 41. Rc2 {[%emt 0:00:23]} Kf7 {[%emt 0:00:57]} 42. b5 {[%emt 0:00:04]} Ke7 {[%emt 0:00:50]} 43. c6 {[%emt 0:00:09]} bxc6 {[%emt 0:00:15]} 44. bxc6 {[%emt 0:00:04]} Kd8 {[%emt 0:00:05]} 45. c7+ {[%emt 0:00:03]} Kc8 {[%emt 0:00:10]} 46. Rb1 {[%emt 0:00:28]} d1=Q {[%emt 0:01:15]} 47. Rb8+ {[%emt 0:00:06]} Kd7 {[%emt 0:00:15]} 48. c8=Q+ {[%emt 0:00:29]} Kd6 {[%emt 0:00:12]} 49. Qd8+ {[%emt 0:01:48]} 1-0

[Event "Guimaraes Open 2018"]
[Site "Guimaraes"]
[Date "2018.10.06"]
[Round "5"]
[White "Marques, Ricardo Taborda Tri"]
[Black "Melo, David Emmanuel do V"]
[Result "1-0"]
[WhiteElo "1881"]
[BlackElo "1590"]
[Annotator "NA RC"]
[PlyCount "90"]
[EventDate "2018.10.04"]
[EventType "swiss"]
[EventCountry "POR"]
[SourceTitle "playchess.com"]
[Source "ChessBase"]
[SourceQuality "1"]
[TimeControl "5400+30"]

1. d4 {[%emt 0:00:00]} Nf6 {[%emt 0:00:07]} 2. c4 {[%emt 0:00:00]} e6 {[%emt 0:00:18]} 3. Nf3 {[%emt 0:00:00]} c5 {[%emt 0:00:11]} 4. d5 {[%emt 0:00:05]} exd5 {[%emt 0:03:57]} 5. cxd5 {[%emt 0:00:09]} d6 {[%emt 0:00:06]} 6. Nc3 {[%emt 0:00:06]} g6 {[%emt 0:00:40]} 7. e4 {[%emt 0:00:06]} Bg7 {[%emt 0:00:37]} 8. h3 {[%emt 0:00:07]} O-O {[%emt 0:01:31]} 9. Bd3 {[%emt 0:00:05]} a6 {[%emt 0:00:07]} 10. a4 {[%emt 0:00:05]} Nfd7 {[%emt 0:01:09]} 11. O-O {[%emt 0:04:53] A70: Modern Benoni: 6 e4 g6 7 Nf3} (11. Bg5 Bf6 12. Be3 Ne5 13. Nxe5 Bxe5 14. Qd2 f5 15. exf5 Bxf5 16. O-O Nd7 17. Bxf5 gxf5 18. Ne2 Nf6 {1-0 (58) Rogozenco,D (2517)-Negulescu,A (2435) Tusnad 2004}) 11... Ne5 {[%emt 0:00:10]} 12. Nxe5 {[%emt 0:00:23]} Bxe5 {[%emt 0:00:07]} 13. f4 {[%emt 0:04:44]} Bd4+ {[%emt 0:00:08]} 14. Kh1 {[%emt 0:00:09]} f5 {[%emt 0:08:22]} 15. Ne2 $146 {[%emt 0:01:19]} ({Predecessor:} 15. exf5 Bxf5 16. Bxf5 Rxf5 17. g4 Rf8 18. Ne4 Qh4 {0-1 (33) Miles,R (1983)-Kett,T (2193) Fishguard 2017}) 15... Bg7 {[%emt 0:03:51]} 16. Ng3 {[%emt 0:08:24]} Qh4 {[%emt 0:00:26]} 17. Qf3 {[%emt 0:00:20]} a5 {[%emt 0:08:48]} 18. exf5 {[%emt 0:03:21]} gxf5 {[%emt 0:02:28]} 19. Rb1 {[%emt 0:16:26]} Bd7 {[%emt 0:03:56]} 20. Bd2 {[%emt 0:01:12]} Qd8 $2 {[%emt 0:06:32]} ({Black should try} 20... Nc6 $14) 21. Qh5 {[%emt 0:01:01]} Qf6 {[%emt 0:03:50]} 22. Bc3 {[%emt 0:03:29]} Qg6 {[%emt 0:00:38]} 23. Bxg7 {[%emt 0:00:34]} Kxg7 {[%emt 0:00:26]} 24. Qh4 {[%emt 0:02:51]} Na6 {[%emt 0:02:39]} 25. Bxa6 {[%emt 0:08:54]} bxa6 {[%emt 0:00:40]} 26. Rf3 {[%emt 0:01:18]} Bxa4 $2 {[%emt 0:02:10]} (26... Kh8 $14) 27. Nh5+ {[%emt 0:06:18]} Kh8 {[%emt 0:00:56]} 28. Rg3 {[%emt 0:00:12]} Qh6 {[%emt 0:00:20]} 29. Rg5 {[%emt 0:01:55]} Bc2 {[%emt 0:00:16]} 30. Rc1 {[%emt 0:01:28]} Be4 {[%emt 0:06:44]} 31. Qe1 {[%emt 0:03:20]} Rf6 {[%emt 0:02:51]} 32. Qc3 {[%emt 0:01:19]} Raf8 {[%emt 0:00:35]} 33. Re1 {[%emt 0:06:42]} R8f7 {[%emt 0:01:12]} 34. Rxe4 {[%emt 0:00:53]} fxe4 {[%emt 0:00:14]} 35. Rf5 {[%emt 0:00:12]} Qg6 {[%emt 0:02:47]} 36. Rxf6 {[%emt 0:01:09]} Rxf6 {[%emt 0:00:11]} 37. Nxf6 {[%emt 0:01:31]} e3 {[%emt 0:00:52]} 38. Ng4+ {[%emt 0:01:49]} Kg8 {[%emt 0:00:11]} 39. Nxe3 {[%emt 0:00:07]} Qg3 {[%emt 0:01:15]} 40. Nf5 {[%emt 0:03:16]} Qxc3 {[%emt 0:00:27]} 41. bxc3 $18 {[%emt 0:00:06]} a4 42. Ne3 {[%emt 0:00:17]} a3 {[%emt 0:00:23]} 43. Nc2 {[%emt 0:00:07]} a2 {[%emt 0:00:05]} 44. g4 {[%emt 0:00:14]} Kf7 {[%emt 0:00:07]} 45. Kg2 {[%emt 0:00:07]} Ke7 1-0

[Event "Guimaraes Open 2018"]
[Site "Guimaraes"]
[Date "2018.10.06"]
[Round "5"]
[White "Cimpean, Andra"]
[Black "Fidalgo, Andre Neves"]
[Result "0-1"]
[WhiteElo "1867"]
[BlackElo "2181"]
[Annotator "TA"]
[PlyCount "63"]
[EventDate "2018.10.04"]
[EventType "swiss"]
[EventCountry "POR"]
[SourceTitle "playchess.com"]
[Source "ChessBase"]
[SourceQuality "1"]

{[%evp 19,63,-16,-6,-29,-44,-65,-31,-80,-80,-152,-142,-152,-144,-127,-135,-141,-140,-153,-129,-138,-125,-262,-99,-162,-148,-158,-152,-159,-161,-163,-112,-264,-251,-264,-252,-692,-677,-1067,-1055,-1500,-1493,-1463,-1351,-1260,-1228,-2074]} 1. e4 c5 2. c3 Nf6 3. e5 Nd5 4. d4 cxd4 5. Nf3 e6 6. cxd4 d6 7. Nc3 Nxc3 8. bxc3 Qc7 9. Bb2 {B22: Sizilianisch (Alapin 2.c3)} Nd7 10. exd6 Bxd6 {LiveBook: 8 Partien} 11. Rc1 $146 {Die Stellung ist ausgeglichen.} ({Vorgänger:} 11. Bd3 b6 12. O-O O-O 13. Re1 Bb7 14. h3 Rfe8 15. Ne5 Nxe5 16. dxe5 Bf8 {0-1 (41) De Wit,M (2205)-Reinderman,D (2571) Netherlands 2016}) 11... O-O 12. Be2 e5 13. Qc2 Re8 14. Ng5 (14. g3 $142) 14... Nf6 $17 15. Ne4 Nxe4 16. Qxe4 Bd7 {Droht ...exd4 und aus.} 17. d5 f5 18. Qc4 Qd8 19. Qb3 e4 20. Ba3 (20. c4 $17 e3 21. f4 (21. fxe3 Bc5 $17)) 20... Bf4 $2 (20... Bxa3 $19 21. d6+ Kh8 22. Qxa3 f4) 21. Rc2 {[#]} (21. g3 $17 {kämpft weiter.} Bxc1 22. Bxc1) 21... e3 $1 $19 {...Dh4 ist eine echte Drohung.} 22. f3 {beabsichtigt g3.} Qh4+ 23. Kd1 Be5 24. c4 Rac8 ({Jedoch nicht} 24... Bxh2 25. Bd3 $15) (24... b6 $19 25. Bd3 Qg5) 25. Bb2 $2 (25. Kc1 $17 {war einen Versuch wert.}) 25... Bxb2 26. Rxb2 {[#]} b5 $1 {[%mdl 512]} 27. Rc2 $2 (27. Qc3 Qg5 28. g3) (27. cxb5 Qd4+) 27... bxc4 {Schwarz steht klar auf Gewinn.} 28. Rxc4 Rxc4 29. Bxc4 {[#]} e2+ $1 {[%mdl 512]} 30. Kc2 (30. Bxe2 Ba4) 30... e1=Q 31. Rxe1 Qxe1 32. Bd3 {Precision: Weiß = 24%, Schwarz = 75%.} 0-1

[Event "Guimaraes Open 2018"]
[Site "Guimaraes"]
[Date "2018.10.06"]
[Round "5"]
[White "Pipiras, Filipa Fortuna"]
[Black "Frois, Antonio"]
[Result "0-1"]
[WhiteElo "1853"]
[BlackElo "2267"]
[Annotator "TA"]
[PlyCount "118"]
[EventDate "2018.10.04"]
[EventType "swiss"]
[EventCountry "POR"]
[SourceTitle "playchess.com"]
[Source "ChessBase"]
[SourceQuality "1"]

{[%evp 22,117,35,25,49,36,83,21,63,66,68,63,101,-16,-12,-33,0,-21,-22,-20,111,117,133,121,132,129,105,102,99,0,0,-16,0,0,0,0,0,0,0,0,4,0,10,0,0,0,16,0,0,0,7,0,0,0,5,8,6,-40,-41,-41,-44,-52,-38,-79,-123,-281,-282,-862,-865,-664,-546,-362,-197,-362,-352,-337,-337,-323,-319,-29983,-29984,-29969,-29947,-29998,-29990,-29993,-29992,-29994,-29995,-29996,-29997,-29998,-29997,-29997,-29998,-29998,-29999,-29999]} 1. d4 Nf6 2. c4 g6 3. Nc3 Bg7 4. Nf3 O-O 5. Bg5 h6 6. Bh4 d6 7. e3 Nbd7 8. Be2 c6 9. O-O a6 10. Qc2 {E61: King's Indian: Early deviations for White, including Smyslov System} b5 11. a3 Bb7 12. Rfd1 {LiveBook: 6 Games. White is slightly better.} Qc7 (12... bxc4 13. Bxc4 g5 14. Bg3 Nh5 15. Ba2 Rb8 16. Ne4 Ndf6 17. Nxf6+ exf6 {1-0 (47) Kempinski,R (2586)-Dziuba,M (2556) Poland 2017}) 13. Rac1 $146 ({Predecessor:} 13. Nd2 Rfe8 14. Rac1 {1-0 (35) Gozzoli,C (2104)-Marchadour,C (2085) Vandoeuvre 2005}) 13... Rac8 14. Qb1 ({Better is} 14. Nd2 $16) 14... Qb8 15. b4 bxc4 16. Bxc4 c5 17. Be2 (17. bxc5 $16 dxc5 18. d5) 17... cxd4 $11 18. Nxd4 Qa8 19. Bf3 Bxf3 20. Nxf3 Rc4 (20... Nb6 $11 {keeps the balance.}) 21. Nd5 $1 $16 {[%cal Rd5e7]} Nxd5 22. Rxc4 g5 23. Bg3 Nc3 24. Rxc3 $1 Bxc3 {[#]} 25. Qf5 ({White should try} 25. h4 $1 $16) 25... Nf6 $11 26. Nd2 Bxd2 27. Rxd2 Ne4 28. Rc2 e6 29. Qf3 Rc8 30. Qe2 d5 31. Be5 {Threatens to win with f3.} f6 32. Bb2 Kg7 33. h4 Rc6 34. hxg5 hxg5 35. f3 Nd6 36. f4 {And now fxg5 would win.} Rxc2 37. Qxc2 gxf4 38. Qc7+ Nf7 39. Qe7 e5 40. exf4 d4 {Strongly threatening ...Qe4.} 41. fxe5 fxe5 {...Qe4 is the strong threat.} 42. Qe6 Qe4 43. Kh2 $2 (43. Qc4 $17) 43... Qf4+ $19 44. Kh1 $2 (44. Kg1) 44... d3 45. Qd7 Qh4+ 46. Kg1 {[#]} Qe1+ $1 47. Kh2 d2 48. Qg4+ Kf6 49. Qf3+ Ke6 50. Qg4+ $2 (50. Bc3 $19 d1=Q 51. Bxe1 Qxe1 52. Qg4+ Ke7 53. a4) 50... Ke7 {Black mates.} 51. Bc3 d1=Q 52. Qc4 Qee2 53. Qc5+ Qd6 54. Qa7+ Ke6 55. a4 e4+ 56. Kg1 Qdd1+ 57. Kh2 Qh5+ 58. Kg3 Qhg4+ 59. Kh2 Qh4# {Precision: White = 38%, Black = 61%.} 0-1

[Event "Guimaraes Open 2018"]
[Site "Guimaraes"]
[Date "2018.10.06"]
[Round "5"]
[White "Silva, Pedro Gil Ferreira "]
[Black "Lomba, Lucas Laranjeira de"]
[Result "1-0"]
[WhiteElo "1837"]
[BlackElo "1398"]
[Annotator "NA RC"]
[PlyCount "47"]
[EventDate "2018.10.04"]
[EventType "swiss"]
[EventCountry "POR"]
[SourceTitle "playchess.com"]
[Source "ChessBase"]
[SourceQuality "1"]
[TimeControl "5400+30"]

1. e4 {[%emt 0:00:00]} e5 {[%emt 0:01:18]} 2. Nf3 {[%emt 0:00:00]} Nc6 3. d4 {[%emt 0:01:39]} exd4 {[%emt 0:01:26]} 4. Nxd4 {[%emt 0:00:08]} Nf6 {[%emt 0:01:22]} 5. Nxc6 {[%emt 0:00:27]} bxc6 {[%emt 0:00:29]} 6. Qe2 {[%emt 0:00:16]} Be7 {[%emt 0:03:36]} 7. e5 {[%emt 0:00:30]} Nd5 {[%emt 0:00:15]} 8. Qg4 {[%emt 0:00:16]} g6 {[%emt 0:05:44]} 9. Bh6 {[%emt 0:02:23]} d6 {[%emt 0:00:16]} 10. Qc4 {[%emt 0:00:29]} Bb7 {[%emt 0:01:45]} 11. exd6 {[%emt 0:01:44]} Qxd6 {[%emt 0:01:26]} 12. Nd2 {[%emt 0:10:16]} O-O-O {[%emt 0:04:44]} 13. O-O-O {[%emt 0:05:41]} Rhe8 {[%emt 0:05:57]} 14. Qg4+ {[%emt 0:11:31]} Kb8 15. h4 {[%emt 0:15:05]} Bc8 {[%emt 0:05:59]} 16. Qf3 {[%emt 0:04:54]} Bf8 {[%emt 0:03:26]} 17. Bxf8 {[%emt 0:03:12]} Rxf8 {[%emt 0:05:37]} 18. Nc4 {[%emt 0:04:38]} Qe6 $16 {[%emt 0:07:09]} (18... Qc5 $1 $11 {keeps the balance.}) 19. Na5 {[%emt 0:03:33]} Nb4 {[%emt 0:04:53]} 20. Bc4 {[%emt 0:01:31]} Rxd1+ {[%emt 0:02:55]} 21. Rxd1 {[%emt 0:00:30]} Qf5 {[%emt 0:00:06]} 22. Qxf5 {[%emt 0:01:01]} Bxf5 {[%emt 0:04:24]} 23. c3 {[%emt 0:00:47]} Bc2 {[%emt 0:05:26]} 24. Rd2 {[%emt 0:00:36]} 1-0

[Event "Guimaraes Open 2018"]
[Site "Guimaraes"]
[Date "2018.10.06"]
[Round "5"]
[White "Guimaraes, Alvaro Jose Esperan"]
[Black "Fonseca, Pedro Miguel Ramos "]
[Result "0-1"]
[WhiteElo "1801"]
[BlackElo "1437"]
[Annotator "NA RC"]
[PlyCount "68"]
[EventDate "2018.10.04"]
[EventType "swiss"]
[EventCountry "POR"]
[SourceTitle "playchess.com"]
[Source "ChessBase"]
[SourceQuality "1"]
[TimeControl "5400+30"]

1. g3 {[%emt 0:00:00]} d5 {[%emt 0:00:25]} 2. Bg2 {[%emt 0:00:08]} Nf6 {[%emt 0:00:15]} 3. d3 {[%emt 0:00:09]} c6 {[%emt 0:01:25]} 4. Nf3 {[%emt 0:00:14]} Bf5 {[%emt 0:00:28]} 5. O-O {[%emt 0:00:21]} e6 {[%emt 0:01:13]} 6. Nc3 {[%emt 0:00:29]} Nbd7 {[%emt 0:01:31]} 7. Nh4 {[%emt 0:00:49]} Bg6 {[%emt 0:00:18]} 8. Bg5 {[%emt 0:02:05]} Qc7 {[%emt 0:01:38]} 9. e4 {[%emt 0:00:40]} Bb4 {[%emt 0:01:28]} 10. Nxg6 {[%emt 0:04:57]} hxg6 {[%emt 0:00:59]} 11. Nb1 {[%emt 0:05:46]} Qe5 {[%emt 0:05:27]} 12. Bc1 {[%emt 0:02:42]} O-O-O {[%emt 0:04:05]} 13. c3 {[%emt 0:00:24]} Ba5 {[%emt 0:02:01]} 14. d4 {[%emt 0:01:28]} Qc7 {[%emt 0:02:28]} 15. f3 {[%emt 0:03:43]} Rh7 {[%emt 0:03:08]} 16. e5 {[%emt 0:00:49]} Ng8 {[%emt 0:00:50]} 17. a4 {[%emt 0:02:26]} Qb8 {[%emt 0:01:23]} 18. Qe2 {[%emt 0:03:12]} c5 {[%emt 0:03:48]} 19. Be3 {[%emt 0:00:29]} Ne7 {[%emt 0:05:01]} 20. Na3 {[%emt 0:02:43]} a6 {[%emt 0:02:43]} 21. Nc2 {[%emt 0:02:28]} c4 22. g4 {[%emt 0:05:29]} f6 {[%emt 0:07:11]} 23. f4 {[%emt 0:02:08]} g5 {[%emt 0:02:33]} 24. Rae1 $15 {[%emt 0:02:12]} ({White should play} 24. Bd2 $11) 24... gxf4 {[%emt 0:11:00]} 25. Bxf4 {[%emt 0:00:16]} Ng6 {[%emt 0:01:57]} 26. Bg3 {[%emt 0:00:42]} Bc7 {[%emt 0:03:05]} 27. Rf3 {[%emt 0:04:23]} fxe5 {[%emt 0:00:35]} 28. dxe5 {[%emt 0:00:13]} Ngxe5 {[%emt 0:01:35]} 29. Re3 {[%emt 0:01:33]} Nd3 {[%emt 0:00:19]} 30. Rf1 {[%emt 0:00:33]} Bxg3 {[%emt 0:02:50]} 31. Rxg3 {[%emt 0:01:27]} Rdh8 {[%emt 0:04:53]} 32. Nb4 {[%emt 0:05:29]} Rxh2 {[%emt 0:03:13]} 33. Rxd3 {[%emt 0:00:29]} cxd3 {[%emt 0:00:26]} 34. Nxd3 {[%emt 0:00:44]} Qg3 {[%emt 0:00:44]} 0-1